| 000 | 00980nam a2200277 a 4500 | ||
|---|---|---|---|
| 001 | BRL_1077 | ||
| 005 | 20190320211026.0 | ||
| 008 | 081113s1979----mx-a######---#000-0#eng-# | ||
| 041 | _aeng | ||
| 044 | _amx | ||
| 050 | 4 |
_aNK844 _b.M37 1979 |
|
| 100 | 1 |
_aMartínez Peñaloza, Porfirio _91788 |
|
| 245 | 1 | 0 |
_aPopular art of Mexico _bthe artistic creativity of the mexican people _cPorfirio Martínez Peñaloza : Photographs by Ruth D. Lechuga ; Translated by Margaret Fischer de Nicolin ; Drawings by José Narro. |
| 260 |
_aMéxico _bEdiciones Lara _c1979 |
||
| 300 |
_a161 p. _bil. _c18 cm. |
||
| 440 | 0 |
_aCollection Panorama _923565 |
|
| 500 | _aAu1226 | ||
| 504 | _aincluye bibliografía p. [164-167] | ||
| 650 | 1 | 4 |
_aArte popular _zMéxico _9882 |
| 650 | 1 | 4 |
_aArtesanías _zMéxico _93976 |
| 700 | 1 |
_aLechuga, Ruth D. _d1920-2004 _eil. _92443 |
|
| 700 | 1 |
_aFischer de Nicolin, Margaret _etr. _925753 |
|
| 700 | 1 |
_aNarro, José _eil. _925754 |
|
| 902 | _aGRL | ||
| 942 |
_2lcc _cB |
||
| 999 |
_c9889 _d9889 |
||